[Event "Turkey Cup 2019"]
[Site "Belek"]
[Date "2019.02.03"]
[Round "11.11"]
[White "Sahin, Handenur"]
[Black "Ozkan, Ervin"]
[Result "1/2-1/2"]
[WhiteElo "1998"]
[BlackElo "2150"]
[Annotator "NA"]
[PlyCount "70"]
[EventDate "2019.01.27"]
[EventType "swiss"]
[EventCountry "TUR"]
[SourceTitle "playchess.com"]
[Source "ChessBase"]
[SourceQuality "1"]

1. e4 e6 2. d4 d5 3. Nd2 Nf6 4. e5 Nfd7 5. Bd3 c5 6. c3 Nc6 7. Ne2 cxd4 8. cxd4 f6 9. exf6 Nxf6 10. O-O Bd6 11. Nf3 O-O 12. Bf4 Bxf4 13. Nxf4 Ne4 14. Qc1 Ng5 15. Nxg5 Qxg5 16. Ne2 Qf6 17. Qd2 a6 18. Rac1 Bd7 19. Rc3 e5 20. dxe5 Qxe5 21. Rc5 Be6 22. Re1 Qd6 23. Rcc1 Rf6 24. Ng3 Raf8 25. Re2 g6 26. Bc4 Rd8 27. Rd1 Bf7 28. Bb3 Qf4 29. Qd3 h5 30. Nf1 Kg7 31. g3 Qg4 32. Ne3 Qh3 33. Ng2 Qg4 34. Ne3 Qf3 35. Nc2 Qg4 1/2-1/2

[Event "Turkey Cup 2019"]
[Site "Belek"]
[Date "2019.02.03"]
[Round "11.12"]
[White "Gulbeyaz, Emir"]
[Black "Makaraci, Tunahan"]
[Result "1-0"]
[WhiteElo "2179"]
[BlackElo "1915"]
[Annotator "NA"]
[PlyCount "145"]
[EventDate "2019.01.27"]
[EventType "swiss"]
[EventCountry "TUR"]
[SourceTitle "playchess.com"]
[Source "ChessBase"]
[SourceQuality "1"]

1. e4 Nf6 2. Nc3 d5 3. e5 Nfd7 4. d4 c5 5. f4 cxd4 6. Qxd4 e6 7. Be3 Bc5 8. Qd2 Nc6 9. Bxc5 Nxc5 10. Nf3 a6 11. Bd3 b5 12. Qf2 Qb6 13. O-O Nd7 14. Ne2 Qxf2+ 15. Kxf2 Bb7 16. Ke3 Ke7 17. Ned4 f6 18. Nxc6+ Bxc6 19. Kd4 f5 20. h3 Rac8 21. g4 g6 22. Rg1 Bb7 23. gxf5 exf5 24. h4 Rhd8 25. h5 Nf8 26. Ke3 Bc6 27. Nd4 Bd7 28. c3 Kf7 29. Bc2 a5 30. Bb3 Rc5 31. a3 Be6 32. Rh1 Kg7 33. Rh2 Bg8 34. Rg1 Kf7 35. Rhg2 Rb8 36. Nxf5 b4 37. Nd6+ Ke7 38. cxb4 axb4 39. a4 d4+ 40. Kxd4 Bxb3 41. Kxc5 Ne6+ 42. Kc6 Bxa4+ 43. Kd5 Nxf4+ 44. Kd4 Nxg2 45. Rxg2 gxh5 46. Rg7+ Ke6 47. Rxh7 Bd1 48. Rh6+ Kd7 49. Ne4 Rd8 50. e6+ Kc6+ 51. Ke5 Rd5+ 52. Kf6 Rd4 53. Ke5 Rd5+ 54. Kf4 Rd4 55. Ke3 Rxe4+ 56. Kxe4 Kd6 57. Kd4 b3 58. Kc4 Bc2 59. Rxh5 Kxe6 60. Rb5 Kd6 61. Rxb3 Kc6 62. Rc3 Bd1 63. Re3 Bg4 64. b4 Bh5 65. b5+ Kb6 66. Kb4 Bg4 67. Rg3 Bf5 68. Rf3 Bg4 69. Rf6+ Kb7 70. Kc5 Bh3 71. Rf7+ Kc8 72. Kb6 Bg2 73. Ka7 1-0

[Event "Turkey Cup 2019"]
[Site "Belek"]
[Date "2019.02.03"]
[Round "11.13"]
[White "Yeke, Serkan"]
[Black "Selvi, Kaan"]
[Result "0-1"]
[WhiteElo "2117"]
[BlackElo "1854"]
[Annotator "NA"]
[PlyCount "72"]
[EventDate "2019.01.27"]
[EventType "swiss"]
[EventCountry "TUR"]
[SourceTitle "playchess.com"]
[Source "ChessBase"]
[SourceQuality "1"]

1. Nf3 c5 2. c4 g6 3. d4 cxd4 4. Nxd4 Bg7 5. e4 Nc6 6. Be3 Nf6 7. Nc3 d6 8. Be2 O-O 9. O-O Bd7 10. Qd2 Nxd4 11. Bxd4 Bc6 12. Bd3 a5 13. Rfe1 Nd7 14. Bxg7 Kxg7 15. Re3 h6 16. Nd5 Bxd5 17. exd5 Ne5 18. Be2 Qb6 19. f4 Nd7 20. Kh1 Rfe8 21. Re1 Nf6 22. g4 Qb4 23. Qc1 Rac8 24. a3 Qc5 25. Qd2 e6 26. b4 axb4 27. axb4 Qb6 28. g5 hxg5 29. fxg5 Nd7 30. Bf1 e5 31. Bh3 Qd8 32. Qf2 Rxc4 33. Re4 Rxe4 34. Rxe4 Nb6 35. Qd2 Rh8 36. Bg2 Qc8 0-1

[Event "Turkey Cup 2019"]
[Site "Belek"]
[Date "2019.02.03"]
[Round "11.14"]
[White "Aydin, Ismail"]
[Black "Ererdem, Gani Eren"]
[Result "0-1"]
[WhiteElo "1950"]
[BlackElo "2137"]
[Annotator "NA"]
[PlyCount "100"]
[EventDate "2019.01.27"]
[EventType "swiss"]
[EventCountry "TUR"]
[SourceTitle "playchess.com"]
[Source "ChessBase"]
[SourceQuality "1"]

1. d4 Nf6 2. Nf3 e6 3. Bf4 c5 4. c3 d5 5. Nbd2 Nc6 6. e3 Bd6 7. Bg3 O-O 8. Bd3 b6 9. Qe2 Bb7 10. Rd1 Re8 11. Ne5 Ne7 12. Ndf3 Rf8 13. h4 Qc7 14. Ng5 h6 15. Ng4 Nxg4 16. Qxg4 Bxg3 17. fxg3 e5 18. Bh7+ Kh8 19. O-O Bc8 20. Qh5 f6 21. Bg6 exd4 22. Nf7+ Rxf7 23. Bxf7 Qxg3 24. Rxf6 Qxe3+ 25. Rf2 Ba6 26. cxd4 cxd4 27. Qf3 Rf8 28. Qf4 Nc6 29. Kh1 Ne5 30. Qxd4 Qxd4 31. Rxd4 Bb7 32. Bxd5 Rxf2 33. Bxb7 Rxb2 34. a4 Kg8 35. Re4 Nd3 36. Re7 Nb4 37. Bc8 a5 38. Rb7 Na6 39. Be6+ Kf8 40. Bc4 Nc5 41. Rb8+ Ke7 42. Bb5 Rb4 43. Rxb6 Nxa4 44. Rb7+ Kf6 45. g3 Nc3 46. Rb6+ Ke5 47. Rb7 Nxb5 48. Rxg7 a4 49. Rg6 a3 50. Ra6 Rb2 0-1

[Event "Turkey Cup 2019"]
[Site "Belek"]
[Date "2019.02.03"]
[Round "11.15"]
[White "Guven, Oguz Kagan"]
[Black "Eke, Salih"]
[Result "1-0"]
[WhiteElo "2087"]
[BlackElo "1801"]
[Annotator "NA"]
[PlyCount "77"]
[EventDate "2019.01.27"]
[EventType "swiss"]
[EventCountry "TUR"]
[SourceTitle "playchess.com"]
[Source "ChessBase"]
[SourceQuality "1"]

1. c4 e6 2. Nf3 d5 3. g3 Nf6 4. Bg2 Be7 5. O-O O-O 6. d4 c6 7. Nc3 Nbd7 8. Qc2 b6 9. e4 Bb7 10. e5 Ne8 11. cxd5 cxd5 12. h4 h6 13. Be3 Ba6 14. Rfc1 Rc8 15. Qd2 Nb8 16. Ne2 Nc6 17. Nf4 Qd7 18. Nh5 Bb4 19. Qd1 Na5 20. Rxc8 Qxc8 21. Qa4 Be7 22. Rc1 Nc4 23. Qc2 Qd7 24. Bf4 Qb5 25. Bf1 Qa5 26. b3 Na3 27. Qc6 Bxf1 28. Rxf1 g6 29. Qd7 Bb4 30. Bxh6 gxh5 31. Bxf8 Kxf8 32. Ng5 Be7 33. Nh7+ Kg7 34. Qxe7 Kxh7 35. Qxe8 Kg7 36. Qe7 Nb5 37. Qf6+ Kg8 38. Rc1 Nc3 39. Kg2 1-0

[Event "Turkey Cup 2019"]
[Site "Belek"]
[Date "2019.02.03"]
[Round "11.16"]
[White "Korkmaz, Necmettin"]
[Black "Erdal, Emre"]
[Result "1-0"]
[WhiteElo "2053"]
[BlackElo "1615"]
[Annotator "NA"]
[PlyCount "45"]
[EventDate "2019.01.27"]
[EventType "swiss"]
[EventCountry "TUR"]
[SourceTitle "playchess.com"]
[Source "ChessBase"]
[SourceQuality "1"]

1. e4 c6 2. d4 d5 3. e5 Bf5 4. h4 h6 5. g4 Bh7 6. e6 fxe6 7. Bd3 Bxd3 8. Qxd3 c5 9. Nf3 Nc6 10. Ne5 Nxe5 11. dxe5 c4 12. Qg6+ Kd7 13. Nc3 d4 14. Bf4 Qb6 15. O-O-O Kc7 16. Rxd4 Qc6 17. Rhd1 h5 18. g5 a5 19. a4 Kb6 20. Be3 Ka6 21. Nb5 Nf6 22. exf6 e5 23. Rxc4 1-0

[Event "Turkey Cup 2019"]
[Site "Belek"]
[Date "2019.02.03"]
[Round "11.17"]
[White "Demirag, Batuhan"]
[Black "Erdogan, Anil Berk"]
[Result "1-0"]
[WhiteElo "1906"]
[BlackElo "2090"]
[Annotator "NA"]
[PlyCount "55"]
[EventDate "2019.01.27"]
[EventType "swiss"]
[EventCountry "TUR"]
[SourceTitle "playchess.com"]
[Source "ChessBase"]
[SourceQuality "1"]

1. Nf3 c5 2. c4 Nc6 3. Nc3 g6 4. g3 Bg7 5. Bg2 e5 6. d3 Nge7 7. O-O O-O 8. a3 d6 9. Rb1 b6 10. b4 Bb7 11. Bd2 Nd4 12. e3 Ne6 13. e4 f5 14. Ng5 Nxg5 15. Bxg5 Bf6 16. Bxf6 Rxf6 17. f4 Qc7 18. Qd2 fxe4 19. Bxe4 cxb4 20. axb4 Rd8 21. fxe5 Rxf1+ 22. Rxf1 dxe5 23. Qf2 Bxe4 24. Qf7+ Kh8 25. Nxe4 Rc8 26. Qf6+ Kg8 27. Qe6+ Kh8 28. Rf7 1-0

[Event "Turkey Cup 2019"]
[Site "Belek"]
[Date "2019.02.03"]
[Round "11.18"]
[White "Yenil, Mucahit"]
[Black "Percin, Onder"]
[Result "0-1"]
[WhiteElo "1714"]
[BlackElo "2084"]
[Annotator "NA"]
[PlyCount "66"]
[EventDate "2019.01.27"]
[EventType "swiss"]
[EventCountry "TUR"]
[SourceTitle "playchess.com"]
[Source "ChessBase"]
[SourceQuality "1"]

1. d4 Nf6 2. Nf3 e6 3. g3 b6 4. Bg2 Bb7 5. O-O Be7 6. c4 O-O 7. Nc3 d6 8. Qc2 c5 9. Rd1 Qc8 10. d5 e5 11. Nh4 g6 12. Bh6 Re8 13. h3 Nh5 14. Nf3 Nd7 15. Ng5 Ndf6 16. Rd3 Bf8 17. Bxf8 Rxf8 18. Rf3 Qd8 19. Qd2 Bc8 20. g4 Nf4 21. e3 Nxg2 22. Kxg2 h6 23. Nge4 Nxe4 24. Nxe4 f5 25. gxf5 Bxf5 26. Ng3 Bxh3+ 27. Kxh3 Rxf3 28. Rg1 Qg5 29. Kh2 Raf8 30. Rg2 Qh4+ 31. Kg1 Qxc4 32. e4 Kh7 33. Rh2 Rxg3+ 0-1

[Event "Turkey Cup 2019"]
[Site "Belek"]
[Date "2019.02.03"]
[Round "11.19"]
[White "Karadeniz, Ali Emre"]
[Black "Ozata, Doruk"]
[Result "1-0"]
[WhiteElo "2257"]
[BlackElo "1778"]
[Annotator "NA"]
[PlyCount "71"]
[EventDate "2019.01.27"]
[EventType "swiss"]
[EventCountry "TUR"]
[SourceTitle "playchess.com"]
[Source "ChessBase"]
[SourceQuality "1"]

1. d4 Nf6 2. c4 e6 3. Nc3 Bb4 4. e3 O-O 5. Nge2 b6 6. a3 Be7 7. Ng3 d5 8. cxd5 exd5 9. Bd3 Re8 10. O-O Be6 11. b4 Bf8 12. Bd2 a5 13. Nce2 axb4 14. axb4 Rxa1 15. Qxa1 Bd6 16. b5 Nbd7 17. f3 Nf8 18. e4 Bxg3 19. Nxg3 Ng6 20. e5 Nd7 21. f4 f5 22. Nxf5 Ngf8 23. Ne3 g6 24. g4 Kh8 25. Qe1 Bg8 26. Bc3 Ne6 27. Qg3 Ndc5 28. Bc2 Ne4 29. Bxe4 dxe4 30. d5 Ng7 31. e6 Bxe6 32. dxe6 Rxe6 33. f5 Rd6 34. f6 Ne6 35. f7+ Rd4 36. Qe5+ 1-0

[Event "Turkey Cup 2019"]
[Site "Belek"]
[Date "2019.02.03"]
[Round "11.20"]
[White "Metin, Mehmet"]
[Black "Bilgin, Murat Evrensel"]
[Result "1/2-1/2"]
[WhiteElo "2197"]
[BlackElo "1898"]
[Annotator "NA"]
[PlyCount "87"]
[EventDate "2019.01.27"]
[EventType "swiss"]
[EventCountry "TUR"]
[SourceTitle "playchess.com"]
[Source "ChessBase"]
[SourceQuality "1"]

1. e4 c5 2. Ne2 d6 3. c4 e5 4. g3 g6 5. Bg2 Bg7 6. O-O Ne7 7. Nbc3 O-O 8. a3 Nbc6 9. d3 Bg4 10. Rb1 Qd7 11. b4 b6 12. Be3 Nd4 13. f3 Be6 14. f4 Rad8 15. bxc5 dxc5 16. Nd5 Bg4 17. Bxd4 cxd4 18. fxe5 Nxd5 19. cxd5 Bxe5 20. Bf3 Bh3 21. Bg2 Bg4 22. Qd2 Bxe2 23. Qxe2 Rc8 24. Bf3 Rc3 25. Bg4 Qc7 26. a4 h5 27. Bh3 h4 28. Qf3 hxg3 29. hxg3 Kg7 30. Rb2 f6 31. Kg2 a6 32. Be6 Rh8 33. Rbf2 Rh5 34. g4 Rh2+ 35. Kg1 Rxf2 36. Rxf2 Rc1+ 37. Kg2 g5 38. Qh3 Rc2 39. Bf5 Rxf2+ 40. Kxf2 Qc2+ 41. Ke1 Qb1+ 42. Ke2 Qc2+ 43. Ke1 Qc1+ 44. Ke2 1/2-1/2

[Event "Turkey Cup 2019"]
[Site "Belek"]
[Date "2019.02.03"]
[Round "11.21"]
[White "Kiremitciyan, Ari"]
[Black "Ozsakallioglu, Akin"]
[Result "1/2-1/2"]
[WhiteElo "2253"]
[BlackElo "1957"]
[Annotator "NA"]
[PlyCount "179"]
[EventDate "2019.01.27"]
[EventType "swiss"]
[EventCountry "TUR"]
[SourceTitle "playchess.com"]
[Source "ChessBase"]
[SourceQuality "1"]

1. e4 c5 2. Nc3 e6 3. Nf3 Nc6 4. Bb5 Nge7 5. O-O g6 6. d4 cxd4 7. Nxd4 Bg7 8. Be3 a6 9. Be2 O-O 10. Qd2 d5 11. Nxc6 bxc6 12. Rad1 Bb7 13. Na4 e5 14. Qb4 Rb8 15. Ba7 a5 16. Qa3 Ra8 17. Bc5 Re8 18. Nb6 Ba6 19. c4 Rb8 20. Qxa5 Nc8 21. Qxa6 Nxb6 22. cxd5 cxd5 23. exd5 Nd7 24. b4 Nxc5 25. bxc5 Qc8 26. Qc4 Bf8 27. d6 Qc6 28. d7 Red8 29. Rd5 Rxd7 30. Rxe5 Qc7 31. f4 Bg7 32. Re4 Rc8 33. Bg4 Bf8 34. Bxd7 Qxd7 35. Qe2 Rxc5 36. Rc4 Rd5 37. Rc2 Qa7+ 38. Kh1 Qd7 39. h3 Kg7 40. Re1 Bb4 41. Rb1 Be7 42. Rcc1 Qa7 43. Qe4 Qd7 44. Rc4 Bc5 45. Kh2 h5 46. a4 Bf2 47. Rb2 Bh4 48. Rbc2 Rd3 49. g4 Bg3+ 50. Kg2 h4 51. Re2 Rd2 52. Rc2 Rd5 53. Rc3 Ra5 54. Rc4 Rd5 55. Qe7 Qxe7 56. Rxe7 Rd2+ 57. Kf3 Rf2+ 58. Ke3 Rf1 59. Kd3 Rd1+ 60. Kc2 Rf1 61. Ree4 Rh1 62. a5 Rh2+ 63. Kd1 Rxh3 64. a6 Rh1+ 65. Ke2 h3 66. Kf3 Rg1 67. Re2 h2 68. Rxh2 Bxh2 69. Ra4 Rg3+ 70. Kf2 Rxg4 71. a7 Bg1+ 72. Kf3 Bxa7 73. Kxg4 Bb6 74. Kf3 f5 75. Ra6 Bg1 76. Ra4 Kh6 77. Kg2 Be3 78. Kg3 Bd2 79. Ra7 Be3 80. Rb7 Bd2 81. Rb2 Be1+ 82. Kf3 Bc3 83. Rh2+ Kg7 84. Ke3 Be1 85. Re2 Ba5 86. Rc2 Bb6+ 87. Kd3 Kh6 88. Rh2+ Kg7 89. Rg2 Bc7 90. Ke3 1/2-1/2

[Event "Turkey Cup 2019"]
[Site "Belek"]
[Date "2019.02.03"]
[Round "11.22"]
[White "Sayin, Atakan"]
[Black "Aytekin, Murat Eren"]
[Result "1-0"]
[WhiteElo "1921"]
[BlackElo "2163"]
[Annotator "NA"]
[PlyCount "113"]
[EventDate "2019.01.27"]
[EventType "swiss"]
[EventCountry "TUR"]
[SourceTitle "playchess.com"]
[Source "ChessBase"]
[SourceQuality "1"]

1. e4 g6 2. d4 Bg7 3. Nf3 d6 4. Bc4 e6 5. Bb3 Ne7 6. O-O O-O 7. Qe2 Nd7 8. Nbd2 h6 9. Rd1 b6 10. e5 Bb7 11. Nc4 Nf5 12. c3 Qe7 13. Bc2 dxe5 14. Ncxe5 Nxe5 15. Nxe5 Rad8 16. Bf4 c5 17. dxc5 Qxc5 18. Qc4 g5 19. Qxc5 bxc5 20. Nd7 gxf4 21. Nxf8 Rxf8 22. Rd7 Rb8 23. Bxf5 exf5 24. Rad1 Bf8 25. Rd8 Rxd8 26. Rxd8 Be4 27. Rd7 a6 28. a3 f3 29. gxf3 Bxf3 30. b4 Be2 31. Rd5 cxb4 32. cxb4 f4 33. Rd7 f3 34. Rb7 Bd6 35. a4 Kf8 36. b5 axb5 37. axb5 Ke8 38. b6 Be5 39. Ra7 Kd8 40. Ra8+ Ke7 41. b7 Kf6 42. b8=Q Bxb8 43. Rxb8 Kg5 44. Rb4 f5 45. h4+ Kh5 46. Kh2 Bd3 47. Kg3 Be4 48. Rb6 Ba8 49. Rd6 Bb7 50. Rf6 Be4 51. Kf4 Bc2 52. Kxf3 Kxh4 53. Rxh6+ Kg5 54. Rb6 Be4+ 55. Ke3 Bc2 56. f4+ Kh5 57. Kd4 1-0

[Event "Turkey Cup 2019"]
[Site "Belek"]
[Date "2019.02.03"]
[Round "11.23"]
[White "Baylav, Can"]
[Black "Demirbas, Emre"]
[Result "1/2-1/2"]
[WhiteElo "2108"]
[BlackElo "1823"]
[Annotator "NA"]
[PlyCount "96"]
[EventDate "2019.01.27"]
[EventType "swiss"]
[EventCountry "TUR"]
[SourceTitle "playchess.com"]
[Source "ChessBase"]
[SourceQuality "1"]

1. e4 c5 2. Nf3 e6 3. d4 cxd4 4. Nxd4 Nf6 5. Nc3 Nc6 6. a3 e5 7. Ndb5 a6 8. Nd6+ Bxd6 9. Qxd6 Qe7 10. Qd1 d6 11. Bg5 Be6 12. Nd5 Bxd5 13. exd5 Nb8 14. Be2 O-O 15. O-O Nbd7 16. c4 h6 17. Be3 Rfc8 18. b4 b6 19. Qd2 Ne8 20. h3 g5 21. g3 Ng7 22. h4 f6 23. hxg5 fxg5 24. Kg2 Nf5 25. Bg4 Rf8 26. Qc2 e4 27. Rae1 Rae8 28. f3 Qe5 29. Bf2 Nf6 30. Bxf5 Qxf5 31. fxe4 Nxe4 32. Bxb6 Qg4 33. Rxf8+ Kxf8 34. Qd3 h5 35. Rf1+ Kg8 36. c5 h4 37. Qf3 Qxg3+ 38. Qxg3 Nxg3 39. cxd6 Nxf1 40. d7 Rf8 41. d8=Q Rxd8 42. Bxd8 Ne3+ 43. Kf3 Nxd5 44. Bxg5 h3 45. Kg3 Kf7 46. Kxh3 Ke6 47. Kg4 Nc3 48. Kf4 Kd5 1/2-1/2

[Event "Turkey Cup 2019"]
[Site "Belek"]
[Date "2019.02.03"]
[Round "11.24"]
[White "Kizilkus, Akin"]
[Black "Bayik, Hasan"]
[Result "1-0"]
[WhiteElo "2100"]
[BlackElo "1825"]
[Annotator "NA"]
[PlyCount "47"]
[EventDate "2019.01.27"]
[EventType "swiss"]
[EventCountry "TUR"]
[SourceTitle "playchess.com"]
[Source "ChessBase"]
[SourceQuality "1"]

1. d4 d5 2. c4 c6 3. e3 Nf6 4. Nc3 Bf5 5. Nf3 e6 6. Nh4 Bg6 7. Nxg6 hxg6 8. Bd3 Nbd7 9. h3 Bd6 10. O-O O-O 11. f4 a6 12. cxd5 cxd5 13. Qf3 b5 14. Bd2 Qb6 15. Rae1 Ne8 16. g4 f5 17. Nxd5 Qa7 18. Nc3 Rd8 19. g5 Nc7 20. h4 Kf7 21. h5 Rh8 22. hxg6+ Kxg6 23. Kg2 Nb6 24. e4 1-0

[Event "Turkey Cup 2019"]
[Site "Belek"]
[Date "2019.02.03"]
[Round "11.25"]
[White "Ozturk, Oguzhan"]
[Black "Koc, Ilkay"]
[Result "0-1"]
[WhiteElo "1528"]
[BlackElo "2000"]
[Annotator "NA"]
[PlyCount "86"]
[EventDate "2019.01.27"]
[EventType "swiss"]
[EventCountry "TUR"]
[SourceTitle "playchess.com"]
[Source "ChessBase"]
[SourceQuality "1"]

1. d4 Nf6 2. Bg5 Ne4 3. Bf4 c5 4. f3 Nf6 5. d5 e6 6. c4 Nh5 7. Bg3 Nxg3 8. hxg3 exd5 9. Qxd5 Nc6 10. Nc3 d6 11. e3 Be6 12. Qd2 Qa5 13. Nh3 O-O-O 14. Nf4 g5 15. Nfd5 Bg7 16. Be2 h6 17. Kf2 Rhe8 18. a3 Ne7 19. b4 Qa6 20. Rab1 f5 21. Rb3 f4 22. gxf4 gxf4 23. e4 Bxd5 24. cxd5 c4 25. Rbb1 Qb6+ 26. Kf1 Kb8 27. a4 Ng6 28. b5 Qa5 29. Rc1 Rc8 30. Kf2 Rh8 31. Qc2 Bd4+ 32. Kf1 Ne5 33. Na2 h5 34. Rd1 Be3 35. Rb1 h4 36. b6 a6 37. Nc3 h3 38. gxh3 Rcg8 39. Ke1 Rg2 40. Kd1 Nxf3 41. Rf1 Nd4 42. Qb2 f3 43. Qa3 fxe2+ 0-1

[Event "Turkey Cup 2019"]
[Site "Belek"]
[Date "2019.02.03"]
[Round "11.26"]
[White "Cam, Vedat"]
[Black "Kocak, Can"]
[Result "0-1"]
[WhiteElo "1882"]
[BlackElo "1994"]
[Annotator "NA"]
[PlyCount "90"]
[EventDate "2019.01.27"]
[EventType "swiss"]
[EventCountry "TUR"]
[SourceTitle "playchess.com"]
[Source "ChessBase"]
[SourceQuality "1"]

1. d4 d6 2. e4 Nf6 3. Nc3 g6 4. f4 Bg7 5. Nf3 O-O 6. Bd3 Na6 7. O-O c5 8. d5 Bg4 9. h3 Bxf3 10. Qxf3 Nc7 11. Ne2 b5 12. c3 e6 13. dxe6 fxe6 14. Be3 Qe7 15. g4 Nd7 16. Qg3 Rab8 17. Rab1 d5 18. h4 b4 19. e5 bxc3 20. bxc3 Rb6 21. Rxb6 axb6 22. g5 Ra8 23. h5 Rxa2 24. hxg6 c4 25. Nc1 Ra3 26. gxh7+ Kh8 27. Bg6 Rxc3 28. Qf2 Qa3 29. Bd2 Rg3+ 30. Kh2 Rh3+ 31. Kg2 Bf8 32. f5 Bc5 33. Qf4 Bd4 34. Qg4 Rd3 35. Nxd3 Qxd3 36. Bf4 Nf8 37. Bg3 c3 38. Qh5 c2 39. Bf4 Be3 40. fxe6 Qd2+ 41. Rf2 c1=Q 42. Qg4 Nxg6 43. e7 Nxf4+ 44. Kg3 Qg1+ 45. Kf3 Qgxf2# 0-1

[Event "Turkey Cup 2019"]
[Site "Belek"]
[Date "2019.02.03"]
[Round "11.28"]
[White "Aydin, Hakan Arda"]
[Black "Aydincelebi, Kagan"]
[Result "1-0"]
[WhiteElo "1915"]
[BlackElo "2206"]
[Annotator "NA"]
[PlyCount "83"]
[EventDate "2019.01.27"]
[EventType "swiss"]
[EventCountry "TUR"]
[SourceTitle "playchess.com"]
[Source "ChessBase"]
[SourceQuality "1"]

1. e4 c5 2. Nf3 g6 3. d4 cxd4 4. Nxd4 Bg7 5. Nc3 Nc6 6. Be3 Nf6 7. Bc4 O-O 8. Bb3 Qa5 9. O-O d6 10. f3 Bd7 11. Qd2 Nxd4 12. Bxd4 Bc6 13. Rad1 Rfe8 14. Nd5 Qxd2 15. Rxd2 Bxd5 16. exd5 b5 17. a4 a6 18. axb5 axb5 19. c4 Nd7 20. cxb5 Reb8 21. Bc4 Ra4 22. b3 Bxd4+ 23. Rxd4 Rb4 24. Re4 Kf8 25. Ra1 Nc5 26. Re3 Rb7 27. Ra8+ Kg7 28. Kf1 Kf6 29. Ke2 Nd7 30. Ra4 Rxa4 31. bxa4 Ra7 32. Ra3 Nb6 33. Bb3 Ra5 34. Kd3 Ke5 35. Kc3 Nd7 36. Kb4 Ra8 37. a5 Kd4 38. b6 Nc5 39. Bc4 e6 40. a6 exd5 41. Bb5 Rb8 42. a7 1-0

[Event "Turkey Cup 2019"]
[Site "Belek"]
[Date "2019.02.03"]
[Round "11.29"]
[White "Caglar, Ahmet Ata"]
[Black "Benk, Tolga Tugay"]
[Result "1/2-1/2"]
[WhiteElo "2093"]
[BlackElo "1863"]
[Annotator "NA"]
[PlyCount "23"]
[EventDate "2019.01.27"]
[EventType "swiss"]
[EventCountry "TUR"]
[SourceTitle "playchess.com"]
[Source "ChessBase"]
[SourceQuality "1"]

1. Nf3 Nf6 2. c4 b6 3. g3 Bb7 4. Bg2 e5 5. O-O d6 6. Nc3 Be7 7. d4 Nbd7 8. Nh4 Bxg2 9. Kxg2 O-O 10. Nf5 Re8 11. Bg5 Nd5 12. Nxe7+ 1/2-1/2

[Event "Turkey Cup 2019"]
[Site "Belek"]
[Date "2019.02.03"]
[Round "11.30"]
[White "Buker, Muhittin"]
[Black "Caliskan, Seha"]
[Result "1/2-1/2"]
[WhiteElo "1978"]
[BlackElo "1917"]
[Annotator "NA"]
[PlyCount "67"]
[EventDate "2019.01.27"]
[EventType "swiss"]
[EventCountry "TUR"]
[SourceTitle "playchess.com"]
[Source "ChessBase"]
[SourceQuality "1"]

1. d4 e6 2. c4 Nf6 3. Nc3 Bb4 4. e3 O-O 5. Bd3 b6 6. Nge2 Bb7 7. O-O d5 8. a3 Be7 9. cxd5 exd5 10. Bd2 c5 11. Rc1 c4 12. Bb1 Nbd7 13. Ng3 Re8 14. f4 Bf8 15. Nh1 Rc8 16. g4 Ne4 17. Nxe4 dxe4 18. g5 b5 19. Nf2 Nb6 20. Ba5 Qd7 21. Bxb6 axb6 22. Kh1 Kh8 23. Rg1 f5 24. gxf6 gxf6 25. Qh5 Bd5 26. Ng4 Bg7 27. f5 Bf7 28. Qh4 Qxf5 29. Rcf1 Qh5 30. Qg3 f5 31. Nf2 Rg8 32. Qf4 Bh6 33. Qe5+ Bg7 34. Qf4 1/2-1/2

[Event "Turkey Cup 2019"]
[Site "Belek"]
[Date "2019.02.03"]
[Round "11.31"]
[White "Suzan, Ufuk"]
[Black "Baltaci, Ismail Tarik"]
[Result "1-0"]
[WhiteElo "1831"]
[BlackElo "2014"]
[Annotator "NA"]
[PlyCount "111"]
[EventDate "2019.01.27"]
[EventType "swiss"]
[EventCountry "TUR"]
[SourceTitle "playchess.com"]
[Source "ChessBase"]
[SourceQuality "1"]

1. d4 Nf6 2. c4 g6 3. Nc3 Bg7 4. e4 d6 5. Nf3 O-O 6. h3 e5 7. d5 a5 8. Be3 Na6 9. Nd2 Ne8 10. g4 Nc5 11. Qe2 f5 12. gxf5 gxf5 13. O-O-O Qh4 14. Rg1 fxe4 15. Bxc5 dxc5 16. Ncxe4 a4 17. Qe3 a3 18. b3 Nd6 19. Bd3 Nxe4 20. Nxe4 Kh8 21. Rxg7 Kxg7 22. Rg1+ Kh8 23. Qxc5 Qf4+ 24. Kd1 Bxh3 25. Qxc7 Rf7 26. Qc5 Bg4+ 27. Kc2 Bf5 28. Re1 Bxe4 29. Rxe4 Qxf2+ 30. Qxf2 Rxf2+ 31. Be2 Re8 32. b4 Kg7 33. Kb3 Kf6 34. c5 Rf4 35. Re3 e4 36. Kc4 Ke5 37. d6 Rf2 38. Bh5 Ra8 39. Re2 Rf5 40. Rh2 e3 41. Kb5 Kd4 42. Kb6 Ra4 43. Rh4+ Kc3 44. Kxb7 Rd5 45. Kc6 Rd2 46. Re4 Rxb4 47. Rxe3+ Kb2 48. Bf7 h5 49. Rb3+ Rxb3 50. Bxb3 h4 51. Be6 Re2 52. Bd5 h3 53. d7 h2 54. d8=Q Re1 55. Qh8+ Kb1 56. Qxh2 1-0

[Event "Turkey Cup 2019"]
[Site "Belek"]
[Date "2019.02.03"]
[Round "11.32"]
[White "Kocyigit, Buse Naz"]
[Black "Peker, Serdar"]
[Result "1/2-1/2"]
[WhiteElo "2043"]
[BlackElo "1830"]
[Annotator "NA"]
[PlyCount "114"]
[EventDate "2019.01.27"]
[EventType "swiss"]
[EventCountry "TUR"]
[SourceTitle "playchess.com"]
[Source "ChessBase"]
[SourceQuality "1"]

1. d4 d5 2. Nf3 e6 3. c4 Nf6 4. g3 Be7 5. Bg2 Nbd7 6. O-O O-O 7. Nbd2 c6 8. Qc2 b6 9. e4 dxe4 10. Nxe4 Nxe4 11. Qxe4 Bb7 12. Be3 Nf6 13. Qc2 c5 14. dxc5 Bxc5 15. Bxc5 bxc5 16. Rad1 Qc7 17. Ne1 Bxg2 18. Nxg2 Rfd8 19. Nf4 Ng4 20. Qe4 Ne5 21. Rfe1 Nc6 22. Nxe6 fxe6 23. Qxe6+ Kf8 24. Qf5+ Kg8 25. Qe6+ Kf8 26. Qf5+ Kg8 27. Rxd8+ Rxd8 28. Qxc5 Qd7 29. Qd5+ Qxd5 30. cxd5 Rxd5 31. Rc1 Ne5 32. f4 Nd3 33. Rc8+ Kf7 34. Rc7+ Kf6 35. Rxa7 Nxb2 36. Kg2 Rd2+ 37. Kh3 Nd3 38. a4 h5 39. Ra6+ Kf5 40. Ra5+ Kg6 41. Ra6+ Kh7 42. Ra5 g6 43. Kh4 Kh6 44. h3 Ne1 45. g4 Ng2+ 46. Kg3 h4+ 47. Kf3 Ne1+ 48. Ke3 Rh2 49. f5 g5 50. Ke4 Rxh3 51. Ra6+ Kh7 52. Ke5 Re3+ 53. Kf6 Nf3 54. Ra7+ Kh6 55. Ra8 Kh7 56. Ra7+ Kh6 57. Ra8 Rc3 1/2-1/2

[Event "Turkey Cup 2019"]
[Site "Belek"]
[Date "2019.02.03"]
[Round "11.33"]
[White "Gallevci, Yagiz"]
[Black "Yuksel, Davut Can"]
[Result "1-0"]
[WhiteElo "2034"]
[BlackElo "1836"]
[Annotator "NA"]
[PlyCount "109"]
[EventDate "2019.01.27"]
[EventType "swiss"]
[EventCountry "TUR"]
[SourceTitle "playchess.com"]
[Source "ChessBase"]
[SourceQuality "1"]

1. e4 e5 2. Nf3 Nc6 3. Bb5 a6 4. Bxc6 dxc6 5. Nc3 f6 6. d4 exd4 7. Qxd4 Qxd4 8. Nxd4 Bd7 9. Be3 O-O-O 10. O-O-O Ne7 11. Nde2 Ng6 12. Nf4 Nxf4 13. Bxf4 Bc5 14. f3 Be6 15. a3 g5 16. Rxd8+ Rxd8 17. Bd2 h5 18. e5 fxe5 19. Bxg5 Rg8 20. h4 Bf5 21. Re1 Bd4 22. Nd1 Re8 23. Be3 Bxe3+ 24. Nxe3 Bg6 25. Nc4 e4 26. Nd2 exf3 27. Rxe8+ Bxe8 28. gxf3 Kd7 29. Ne4 Ke6 30. Kd2 b6 31. Ke3 Kf5 32. c4 c5 33. Ng3+ Ke5 34. Ne2 Bf7 35. Kd3 Bg6+ 36. Kc3 c6 37. Kd2 b5 38. Ke3 Bf7 39. Nf4 bxc4 40. Ne2 Bg6 41. Nc3 Bc2 42. Ne4 a5 43. Nxc5 a4 44. Na6 Bg6 45. Nb4 c5 46. Na2 Bc2 47. Nc3 Kf5 48. Ne2 Ke5 49. Nf4 Bb1 50. Nxh5 c3 51. bxc3 Kd5 52. Nf6+ Kc4 53. Ne4 Kb3 54. h5 Kxa3 55. h6 1-0